Kvalita života seniorov a možnosť jej zlepšenia cez prizmu kinezioterapie (odborná monografia)

Bibliographic Details
Main Authors: Petríková Rosinová, Iveta, 1971- (Author), Bočáková, Oľga, 1955- (Author)
Format: Book
Language:Slovak
PhysicalDescription:113 strán fotografie, grafy, tabuľky 21 cm
Published: Nové Zámky DMC s.r.o. 2025
ISBN:9788069143005
Edition:Prvé vydannie
Subjects:

MARC

LEADER 00000cam a2200000 4500
001 vtls012276443
003 SK-MaSNL
005 20260301232141.0
008 250515s2025 xo odl frn 001 0 slo
015 |a SNBA2025/06 
020 |a 9788069143005  |q (brožované) 
040 |a SNK  |b slo  |c SNK  |e rda 
041 0 |a slo  |b eng 
044 |a xo  |c SK 
072 7 |a 316.3  |x Globálne spoločnosti. Sociálna štruktúra. Sociálne skupiny  |2 konspekt 
072 7 |a 615.8  |x Fyzioterapia. Psychoterapia. Alternatívna medicína  |2 konspekt 
080 |a 316.346.32-053.9-055.1  |2 2011 
080 |a 615.825  |2 2011 
080 |a 316.728-021.465  |2 2011 
080 |a (048.8)  |2 2011 
100 1 |a Petríková Rosinová, Iveta,  |d 1971-  |4 aut  |9 219694 
245 1 0 |a Kvalita života seniorov a možnosť jej zlepšenia cez prizmu kinezioterapie  |b (odborná monografia)  |c Iveta Petríková Rosinová, Oľga Bočáková 
250 |a Prvé vydannie 
264 1 |a Nové Zámky  |b DMC s.r.o.  |c 2025 
300 |a 113 strán  |b fotografie, grafy, tabuľky  |c 21 cm 
336 |a text  |b txt  |2 rdacontent 
337 |a bez média  |b n  |2 rdamedia 
338 |a zväzok  |b nc  |2 rdacarrier 
366 |e 100 kusov 
504 |a Obsahuje bibliografiu, menný a vecný register 
546 |a Anglické resumé 
650 0 7 |a pohybová terapia  |2 SNKPH  |9 2567 
650 0 7 |a Movement therapy  |2 SNKPHeng  |9 317832 
650 0 7 |a seniori  |2 SNKPH  |9 117453 
650 0 7 |a Older people  |2 SNKPHeng  |9 275779 
650 0 7 |a kvalita života  |2 SNKPH  |9 1705 
650 0 7 |a Quality of life  |2 SNKPHeng  |9 265996 
655 7 |a monografie  |2 SNKPH  |9 70139 
655 7 |a Monographs  |2 SNKPHeng  |9 120675 
700 1 |a Bočáková, Oľga,  |d 1955-  |4 aut  |9 219414 
852 |a Slovenská národná knižnica 
919 |a 978-80-69143-00-5 
954 |a odborná, vedecká literatúra pôvodná (slovenská)  |2 lita 
958 |a NB 
958 |a SP 
999 |c 960588  |d 962518 
952 |a SNK  |b SNK  |c SNK_KF  |y PREZ  |7 6  |p 17A1574234  |o snkSC 210380  |i snk2025/7801  |8 0  |0 0  |1 0  |4 0  |d 2025-05-15  |l 0  |r 2025-11-03 00:00:00  |w 2026-02-24 
952 |a SNK  |b SNKPULT  |y VYP  |7 0  |p 17A1574235  |o snkSC 210380 D1  |i snk2025/7802  |8 0  |0 0  |1 0  |4 0  |d 2025-05-15  |l 1  |m 2  |q 2026-05-18  |r 2026-02-28 18:48:31  |s 2026-02-28  |w 2026-02-24